000 00631nam a2200181 i 4500
001 95576
003 ES-MaACL
005 20240418063113.0
007 t|
008 050531s1976 sp ||||1| spa d
100 1 _aLlobregat, Enrique A.,
_d1941-2003
_972805
245 1 0 _aIniciación a la arqueología alicantina /
_cEnrique A. Llobregat Conesa.
260 _aAlicante :
_bConfederación Española de Cajas de Ahorros,
_c1976.
300 _a152 p., 3 h., lám. I-X :
_bil. ;
_c29 cm.
710 2 _aConfederación Española de Cajas de Ahorros.
_93148
852 _aES-MaACL
_jA-7038
_bR.95694
999 _c95576
_d95576